[Event "Titled Tuesday intern op 03rd Jan Late"]
[Site "Chess.com INT"]
[Date "2023.01.03"]
[Round "7"]
[White "Ortega Ruiz, Jose Miguel"]
[Black "Yurovskich, Oleksandr"]
[Result "0-1"]
[WhiteElo "2351"]
[BlackElo "2328"]
[PlyCount "124"]
[EventDate "2023.01.03"]
[EventType "swiss (blitz)"]
[EventRounds "11"]
[EventCountry "USA"]
[SourceTitle "EXT 2024"]
[Source "ChessBase"]
[SourceDate "2023.10.10"]
[SourceVersion "1"]
[SourceVersionDate "2023.10.10"]
[SourceQuality "1"]

1. g3 d5 2. Bg2 e5 3. d3 Nf6 4. a3 c5 5. Nd2 Nc6 6. e4 Be7 7. Ne2 d4 8. 0-0 h5 9. h4 Be6 10. Nf3 Ng4 11. c3 f6 12. b4 b6 13. bxc5 bxc5 14. cxd4 cxd4 15. Qa4 Qd7 16. Bd2 0-0 17. Rfc1 Rfc8 18. Rab1 Nd8 19. Rxc8 Rxc8 20. Qxd7 Bxd7 21. Bb4 Rb8 22. Rc1 Bxb4 23. axb4 Rxb4 24. Ra1 Nc6 25. Bf1 a5 26. Nc1 Kf8 27. Nd2 Be6 28. Be2 Rb2 29. Bxg4 hxg4 30. Nc4 Bxc4 31. dxc4 Rc2 32. Nb3 Rxc4 33. Nxa5 Nxa5 34. Rxa5 Rc1+ 35. Kg2 Re1 36. Ra7 Rxe4 37. Kf1 d3 38. Rd7 Rd4 39. Rxd4 exd4 40. Ke1 Ke7 41. Kd2 Ke6 42. Kxd3 Kd5 43. Ke2 Ke4 44. Kd2 Kf3 45. Ke1 d3 46. Kd2 Kxf2 47. Kxd3 Kxg3 48. h5 Kh4 49. h6 gxh6 50. Ke2 Kg5 51. Kf2 h5 52. Kg2 h4 53. Kh1 f5 54. Kg1 f4 55. Kh1 f3 56. Kg1 Kf4 57. Kh1 g3 58. Kg1 Kg4 59. Kh1 h3 60. Kg1 f2+ 61. Kf1 Kf4 62. Ke2 h2 0-1

[Event "Titled Tuesday intern op 03rd Jan Late"]
[Site "Chess.com INT"]
[Date "2023.01.03"]
[Round "3"]
[White "Rodriguez Fontecha, Marcos"]
[Black "Ortega Ruiz, Jose Miguel"]
[Result "0-1"]
[WhiteElo "2309"]
[BlackElo "2351"]
[PlyCount "132"]
[EventDate "2023.01.03"]
[EventType "swiss (blitz)"]
[EventRounds "11"]
[EventCountry "USA"]
[SourceTitle "EXT 2024"]
[Source "ChessBase"]
[SourceDate "2023.10.10"]
[SourceVersion "1"]
[SourceVersionDate "2023.10.10"]
[SourceQuality "1"]

1. Nf3 g6 2. h4 Nf6 3. d4 d5 4. Nc3 Bg4 5. Bf4 Bxf3 6. exf3 h5 7. Qd2 c6 8. Bd3 Nbd7 9. 0-0 Bg7 10. Rfe1 0-0 11. Bh6 e6 12. Ne2 Ne8 13. Bxg7 Kxg7 14. Qf4 Qf6 15. g3 c5 16. Qxf6+ Nexf6 17. c3 Rfc8 18. f4 a6 19. f3 b5 20. a3 Rab8 21. Kf2 a5 22. Ke3 b4 23. axb4 axb4 24. Reb1 Ra8 25. Bb5 Rxa1 26. Rxa1 bxc3 27. bxc3 cxd4+ 28. Kxd4 Nc5 29. Nc1 Nb7 30. Ra6 Rd8 31. Ra7 Nd6 32. Bd3 Nfe8 33. Nb3 Nf5+ 34. Bxf5 gxf5 35. Nc5 Kf6 36. Nd7+ Kg7 37. Ne5 Nd6 38. Kc5 Kg8 39. Kc6 f6 40. Nd7 Ne8 41. Nc5 Rc8+ 42. Kb6 Rb8+ 43. Kc6 Rc8+ 44. Kb6 Nd6 45. Nxe6 Rxc3 46. Rg7+ Kh8 47. Rd7 Nc4+ 48. Kb5 Rxf3 49. Rxd5 Ne3 50. Rd7 Rxg3 51. Nd8 Ng2 52. Nf7+ Kg8 53. Nh6+ Kf8 54. Nxf5 Rb3+ 55. Kc4 Ra3 56. Kd5 Nxf4+ 57. Ke4 Ne6 58. Re7 Ra4+ 59. Ke3 Nd4 60. Nxd4 Kxe7 61. Nf5+ Ke6 62. Ng7+ Ke5 63. Nxh5 Rxh4 64. Ng7 Rh8 65. Kf3 f5 66. Kg3 Kf6 0-1

[Event "Santiago de Compostela Bicapawn GP Rap"]
[Site "Santiago de Compostela"]
[Date "2022.10.22"]
[Round "8"]
[White "Ortega Ruiz, Jose Miguel"]
[Black "Sosa, Tomas Sebastian"]
[Result "0-1"]
[WhiteElo "2354"]
[BlackElo "2548"]
[PlyCount "78"]
[EventDate "2022.10.22"]
[EventType "swiss (rapid)"]
[EventRounds "9"]
[EventCountry "ESP"]
[SourceTitle "CBM 210 Extra"]
[Source "ChessBase"]
[SourceDate "2022.11.30"]
[SourceVersion "1"]
[SourceVersionDate "2022.11.30"]
[SourceQuality "1"]

1. d4 Nf6 2. c4 d6 3. Nf3 Bg4 4. Qb3 Qc8 5. h3 Bh5 6. g4 Bg6 7. Bg2 c6 8. Nc3 Nbd7 9. Nh4 e5 10. Nxg6 hxg6 11. e3 Be7 12. Bd2 Qc7 13. 0-0-0 a6 14. Kb1 Rb8 15. Rc1 0-0 16. f4 exd4 17. exd4 Qb6 18. Qxb6 Nxb6 19. b3 d5 20. c5 Nbd7 21. Kc2 Bd8 22. b4 b6 23. Kd3 Bc7 24. Rhe1 Rfd8 25. a3 bxc5 26. dxc5 a5 27. Ne2 axb4 28. axb4 Ne4 29. Nd4 Nxd2 30. Nxc6 Bxf4 31. Nxd8 Rxd8 32. Rcd1 Nc4 33. Bxd5 Nb2+ 34. Ke4 Nxd1 35. Kxf4 Nc3 36. Bb7 Nf6 37. Kg5 Rd4 38. Rc1 Nh7+ 39. Kh4 Ne2 0-1

[Event "Santiago de Compostela Bicapawn GP B4"]
[Site "Santiago de Compostela"]
[Date "2022.10.21"]
[Round "5"]
[White "Ortega Ruiz, Jose Miguel"]
[Black "Shchekachev, Andrei"]
[Result "0-1"]
[WhiteElo "2354"]
[BlackElo "2510"]
[PlyCount "66"]
[EventDate "2022.10.21"]
[EventType "swiss (blitz)"]
[EventRounds "9"]
[EventCountry "ESP"]
[SourceTitle "CBM 210 Extra"]
[Source "ChessBase"]
[SourceDate "2022.11.30"]
[SourceVersion "1"]
[SourceVersionDate "2022.11.30"]
[SourceQuality "1"]

1. d4 g6 2. c4 Bg7 3. Nc3 d6 4. e4 e5 5. d5 a5 6. Bd3 Nd7 7. Nge2 Bh6 8. 0-0 Bxc1 9. Rxc1 Ngf6 10. Ng3 h5 11. Re1 h4 12. Nf1 Nc5 13. b3 Nh5 14. g3 Bd7 15. a3 Qg5 16. Bc2 hxg3 17. fxg3 Bh3 18. Qd2 Nf4 19. b4 Na6 20. Rb1 Bxf1 21. Kxf1 Nh3 22. Qxg5 Nxg5 23. Kg2 axb4 24. axb4 Rh3 25. Ra1 Rc8 26. Reb1 Ke7 27. Na2 Rch8 28. Rh1 Nb8 29. Rae1 Nd7 30. Nc3 Nf6 31. Nb5 Ng4 32. Bd1 Rxh2+ 33. Rxh2 Rxh2+ 0-1

[Event "Santiago de Compostela Bicapawn GP B2"]
[Site "Santiago de Compostela"]
[Date "2022.10.20"]
[Round "8"]
[White "Martinez Montes, Juan Manuel"]
[Black "Ortega Ruiz, Jose Miguel"]
[Result "1-0"]
[WhiteElo "2069"]
[BlackElo "2354"]
[PlyCount "97"]
[EventDate "2022.10.20"]
[EventType "swiss (blitz)"]
[EventRounds "9"]
[EventCountry "ESP"]
[SourceTitle "CBM 210 Extra"]
[Source "ChessBase"]
[SourceDate "2022.11.30"]
[SourceVersion "1"]
[SourceVersionDate "2022.11.30"]
[SourceQuality "1"]

1. e4 e5 2. Nf3 Nc6 3. d4 exd4 4. Bc4 Nf6 5. e5 d5 6. Bb5 Nd7 7. Bxc6 bxc6 8. 0-0 Be7 9. Nxd4 Nb8 10. Qe2 Ba6 11. Qg4 Bxf1 12. Qxg7 Rf8 13. Kxf1 Qd7 14. Nc3 Na6 15. Qxh7 0-0-0 16. Qf5 Qxf5 17. Nxf5 Bb4 18. Bg5 Rde8 19. Bf6 Rg8 20. Ng7 Ref8 21. Nf5 Kd7 22. Ne2 Rb8 23. c3 Bf8 24. b4 c5 25. a3 c6 26. Rd1 Nc7 27. Nf4 a5 28. c4 cxb4 29. cxd5 cxd5 30. axb4 axb4 31. Nxd5 Nxd5 32. Rxd5+ Ke6 33. Ne3 b3 34. f4 Rg5 35. Bxg5 f5 36. Rd1 Bc5 37. Nc4 Rb4 38. Nb2 Re4 39. Nd3 Bd4 40. Rb1 b2 41. Nxb2 Re3 42. Nc4 Rc3 43. Nd2 Rc2 44. Nf3 Bc5 45. Bh4 Kd5 46. Ng5 Kc4 47. e6 Kd5 48. Re1 Be7 49. Nf3 1-0

[Event "Santiago de Compostela Bicapawn GP B3"]
[Site "Santiago de Compostela"]
[Date "2022.10.20"]
[Round "8"]
[White "Ortega Ruiz, Jose Miguel"]
[Black "Illescas Cordoba, Miguel Angel"]
[Result "0-1"]
[WhiteElo "2354"]
[BlackElo "2614"]
[PlyCount "70"]
[EventDate "2022.10.20"]
[EventType "swiss (blitz)"]
[EventRounds "9"]
[EventCountry "ESP"]
[SourceTitle "CBM 210 Extra"]
[Source "ChessBase"]
[SourceDate "2022.11.30"]
[SourceVersion "1"]
[SourceVersionDate "2022.11.30"]
[SourceQuality "1"]

1. d4 Nf6 2. c4 d6 3. Nc3 Nbd7 4. g3 e5 5. Bg2 g6 6. dxe5 dxe5 7. Nf3 Bg7 8. 0-0 0-0 9. h3 Re8 10. Be3 c6 11. Qd2 Qc7 12. Rfd1 Nf8 13. Bc5 e4 14. Bd6 Qb6 15. Na4 Qa6 16. Nc5 Qxc4 17. Rac1 Qxa2 18. Ne5 N6d7 19. Ra1 Qd5 20. Qe3 Rxe5 21. Rxd5 Rxd5 22. Bxf8 Nxf8 23. Bxe4 Re5 24. Rd1 Re8 25. Qf3 Ne6 26. Nxe6 Bxe6 27. b4 a5 28. bxa5 Rxa5 29. Kg2 Raa8 30. Rb1 Rab8 31. g4 Bf8 32. h4 Ba2 33. Rb2 Bc4 34. h5 Rxe4 35. Rb4 Rbe8 0-1

[Event "ESP-chT Rapid"]
[Site "Toledo"]
[Date "2022.09.25"]
[Round "9"]
[White "Ortega Ruiz, Jose Miguel"]
[Black "Santos Ruiz, Miguel"]
[Result "1/2-1/2"]
[WhiteElo "2344"]
[BlackElo "2581"]
[PlyCount "50"]
[EventDate "2022.09.24"]
[EventType "team-swiss (rapid)"]
[EventRounds "9"]
[EventCountry "ESP"]
[SourceTitle "CBM 210 Extra"]
[Source "ChessBase"]
[SourceDate "2022.11.30"]
[SourceVersion "1"]
[SourceVersionDate "2022.11.30"]
[SourceQuality "1"]
[WhiteTeam "Diagonal Alcorcon"]
[BlackTeam "Solvay"]
[WhiteTeamCountry "ESP"]
[BlackTeamCountry "ESP"]

1. Nf3 d5 2. g3 g6 3. Bg2 Bg7 4. d4 Nf6 5. 0-0 Nbd7 6. Nbd2 0-0 7. c4 c6 8. b3 a5 9. a4 Ne4 10. Nxe4 dxe4 11. Ng5 Nb8 12. Nxe4 Qxd4 13. Ra2 Bf5 14. Be3 Qe5 15. Bf4 Qe6 16. Nc5 Qc8 17. Rd2 Na6 18. Nd7 Bxd7 19. Rxd7 Rd8 20. Rxd8+ Qxd8 21. Qc2 Qb6 22. Be3 Bd4 23. Bg5 Bf6 24. Be3 Bd4 25. Bg5 Bf6 1/2-1/2

[Event "ESP-chT Rapid"]
[Site "Toledo"]
[Date "2022.09.24"]
[Round "2"]
[White "Iturrizaga Bonelli, Eduardo"]
[Black "Ortega Ruiz, Jose Miguel"]
[Result "1-0"]
[WhiteElo "2630"]
[BlackElo "2344"]
[PlyCount "63"]
[EventDate "2022.09.24"]
[EventType "team-swiss (rapid)"]
[EventRounds "9"]
[EventCountry "ESP"]
[SourceTitle "CBM 210 Extra"]
[Source "ChessBase"]
[SourceDate "2022.11.30"]
[SourceVersion "1"]
[SourceVersionDate "2022.11.30"]
[SourceQuality "1"]
[WhiteTeam "Costa Calida"]
[BlackTeam "Diagonal Alcorcon"]
[WhiteTeamCountry "ESP"]
[BlackTeamCountry "ESP"]

1. d4 Nf6 2. c4 e6 3. g3 d5 4. Bg2 Be7 5. Nf3 0-0 6. 0-0 dxc4 7. Qc2 a6 8. a4 Bd7 9. Ne5 Nc6 10. Qxc4 Nxe5 11. dxe5 Nd5 12. Rd1 Qc8 13. Nc3 Nb6 14. Qg4 Rd8 15. Bh6 g6 16. Bg5 Bxg5 17. Qxg5 Bc6 18. Bxc6 bxc6 19. Ne4 Rxd1+ 20. Rxd1 Qf8 21. Nf6+ Kh8 22. Rd4 Nd5 23. e4 Nxf6 24. exf6 h6 25. Qf4 Rc8 26. Rd7 Kh7 27. h4 h5 28. Rxc7 Re8 29. e5 Rb8 30. Qc4 Kg8 31. Qxa6 Qd8 32. Qxc6 1-0

[Event "ESP-chT CECLUB Div2"]
[Site "Linares"]
[Date "2022.08.27"]
[Round "7.1"]
[White "Ortega Ruiz, Jose Miguel"]
[Black "Serarols Mabras, Bernat"]
[Result "1/2-1/2"]
[WhiteElo "2306"]
[BlackElo "2357"]
[PlyCount "73"]
[EventDate "2022.08.22"]
[EventType "team-swiss"]
[EventRounds "7"]
[EventCountry "ESP"]
[SourceTitle "CBM 209 Extra"]
[Source "ChessBase"]
[SourceDate "2022.09.30"]
[SourceVersion "1"]
[SourceVersionDate "2022.09.30"]
[SourceQuality "1"]
[WhiteTeam "Diagonal Alcorcon"]
[BlackTeam "Xeraco CE"]
[WhiteTeamCountry "ESP"]
[BlackTeamCountry "ESP"]

1. d4 Nf6 2. Nf3 d5 3. c4 e6 4. e3 a6 5. b3 c5 6. cxd5 exd5 7. Be2 cxd4 8. Nxd4 Bb4+ 9. Bd2 Bd6 10. Bf3 0-0 11. Nc3 Nc6 12. Nxc6 bxc6 13. 0-0 Bf5 14. Ne2 a5 15. Ng3 Bg6 16. Bc3 Qe7 17. Qd4 Rfd8 18. Rfd1 a4 19. bxa4 c5 20. Qd2 Be5 21. Rac1 Bxc3 22. Qxc3 Rxa4 23. Qxc5 Qxc5 24. Rxc5 Rxa2 25. h3 Kf8 26. e4 d4 27. e5 Ne8 28. Bd5 Rc2 29. Ra5 d3 30. f4 Nc7 31. Bf3 f6 32. f5 Be8 33. e6 d2 34. Ra7 g6 35. Ne4 gxf5 36. Nxf6 Nxe6 37. Nxh7+ 1/2-1/2

[Event "ESP-chT CECLUB Div2"]
[Site "Linares"]
[Date "2022.08.26"]
[Round "6.1"]
[White "Grigoryan, Karen H"]
[Black "Ortega Ruiz, Jose Miguel"]
[Result "0-1"]
[WhiteElo "2631"]
[BlackElo "2306"]
[PlyCount "66"]
[EventDate "2022.08.22"]
[EventType "team-swiss"]
[EventRounds "7"]
[EventCountry "ESP"]
[SourceTitle "CBM 209 Extra"]
[Source "ChessBase"]
[SourceDate "2022.09.30"]
[SourceVersion "1"]
[SourceVersionDate "2022.09.30"]
[SourceQuality "1"]
[WhiteTeam "Naxfor Benalmadena"]
[BlackTeam "Diagonal Alcorcon"]
[WhiteTeamCountry "ESP"]
[BlackTeamCountry "ESP"]

1. c4 Nf6 2. Nc3 e5 3. g3 d5 4. cxd5 Nxd5 5. Bg2 Nb6 6. e3 Nc6 7. Nge2 Qd3 8. Be4 Qa6 9. f4 f6 10. d4 Bg4 11. dxe5 fxe5 12. h3 Bd7 13. a3 0-0-0 14. Qc2 exf4 15. gxf4 Be7 16. h4 Kb8 17. Bd2 Bg4 18. Bxc6 bxc6 19. Nd4 Rxd4 20. exd4 Bf6 21. Kf2 Qc4 22. Qe4 Rd8 23. Be3 Nd5 24. Kg3 Bh5 25. Bf2 Re8 26. Qxh7 g6 27. Qf7 Re2 28. Nxe2 Qxe2 29. Raf1 Qf3+ 30. Kh2 Nxf4 31. Qf8+ Kb7 32. Qb4+ Kc8 33. Qf8+ Bd8 0-1